| Поле | Название | Значение |
| |
Тип записи |
i |
| |
Библиографический уровень |
m |
| 001 |
Контрольный номер |
RU/IS/BASE/512566410 |
| 005 |
Дата корректировки |
20250214150025.0 |
| 010 |
Индекс ISBN |
__ |
| d |
Цена |
399-63 |
| 100 |
Данные общей обработки |
__ |
| a |
Данные общей обработки |
19160329d2015||||||| 0rusy0189 ca |
| 101 |
Язык документа |
1_ |
| a |
Язык текста |
rus |
| c |
Язык оригинала |
eng |
| 102 |
Страна публикации |
__ |
| a |
Страна публикации |
ru |
| 105 |
Кодированные данные (монография) |
__ |
| a |
Кодированные данные (монография) |
||||||||000zy |
| 127 |
Кодированные данные (звукозаписи-физические характеристики) |
__ |
| a |
Продолжительность проигрывания |
21 ч |
| 200 |
Заглавие и сведения об ответственности |
1_ |
| a |
Заглавие |
Инферно |
| e |
Сведения, относящиеся к заглавию |
[аудиокнига : роман : 16+] |
| f |
Первые сведения об ответственности |
Дэн Браун ; [читает Владимир Маслаков ; композитор Максим Сорокин ; перевод: В. О. Бабков, В. П. Голышев, Л. Ю. Мотылев] |
| b |
Общее обозначение материала |
Звукозапись |
| 210 |
Выходные данные |
1_ |
| a |
Место издания |
Москва |
| c |
Издательство |
Аудиокнига |
| d |
Дата издания |
2015 |
| 215 |
Физическое описание |
__ |
| a |
Объем |
2 электрон. опт. диска (Audio CD) |
| c |
Иллюстрации/тип воспроизводства |
mp3 |
| d |
Формат |
12х14 см |
| 225 |
Серия |
2_ |
| a |
Серия |
Аудиокнига |
| 230 |
Специфическая характеристика материала: электронные ресурсы |
__ |
| a |
Обозначение и объем ресурса |
Электронные звуковые данные |
| 300 |
Общие примечания |
__ |
| a |
Общие примечания |
На кор.: 18+ |
| 323 |
Примечание о главных создателях, исполнителях, участниках |
__ |
| a |
Примечание о главных создателях, исполнителях, участниках |
Маслаков, В. (читает) |
| 330 |
Аннотация |
__ |
| a |
Аннотация |
Роман Дэна Брауна, автора супербестселлеров о захватывающих приключениях профессора Роберта Лэнгдона. Оказавшись в самом загадочном городе Италии - Флоренции, профессор Лэнгдон, специалист по кодам, символам и истории искусства, неожиданно попадает в водоворот событий, которые способны привести к гибели все человечество. И помешать этому может только разгадка тайны, некогда зашифрованной Данте в строках бессмертной эпической поэмы… |
| 333 |
Примечание о целевом назначении |
__ |
| a |
Примечание о целевом назначении |
16+. Для детей старше 16 лет |
| 337 |
Примечание о системных требованиях (электронные ресурсы) |
__ |
| a |
Примечание о системных требованиях (электронные ресурсы) |
Системные требования: CD-плеер с поддержкой MP3, или Pentium-233 c Windows 9x-XP ; CD-ROM ; звуковая карта |
| 606 |
Тематические рубрики |
__ |
| a |
Основная рубрика |
Художественная литература |
| 606 |
Тематические рубрики |
__ |
| a |
Основная рубрика |
Литература Америки (произведения) |
| 610 |
Ключевые слова |
0_ |
| a |
Ключевые слова |
американская литература |
| a |
Ключевые слова |
арт-детективы |
| a |
Ключевые слова |
детективные романы |
| a |
Ключевые слова |
детективы |
| a |
Ключевые слова |
зарубежная литература |
| a |
Ключевые слова |
интеллектуальные детективы |
| a |
Ключевые слова |
романы |
| a |
Ключевые слова |
тема борьбы |
| a |
Ключевые слова |
тема приключений |
| a |
Ключевые слова |
тема спецслужб |
| a |
Ключевые слова |
тема угрозы |
| a |
Ключевые слова |
тема человечества |
| a |
Ключевые слова |
триллеры |
| 686 |
Индексы других классификаций |
__ |
| 2 |
Код системы |
rubbks |
| a |
Классификационный индекс |
84(7Сое)6-445я04; ст84(7Сое)-4я0 |
| 700 |
Автор |
_1 |
| a |
Фамилия |
Браун |
| b |
Имя |
Д. |
| g |
Полное личное имя |
Дэн |
| 4 |
Код отношения |
070 |
| 702 |
Вторичная интеллектуальная ответственность |
_1 |
| a |
Фамилия |
Бабков |
| b |
Имя |
О. В. |
| 4 |
Код отношения |
Переводчик |
| 4 |
Код отношения |
730 |
| 702 |
Вторичная интеллектуальная ответственность |
_1 |
| a |
Фамилия |
Голышев |
| b |
Имя |
В. П. |
| 4 |
Код отношения |
Переводчик |
| 4 |
Код отношения |
730 |
| 702 |
Вторичная интеллектуальная ответственность |
_1 |
| a |
Фамилия |
Мотылев |
| b |
Имя |
Л. Ю. |
| 4 |
Код отношения |
Переводчик |
| 4 |
Код отношения |
730 |
| 702 |
Вторичная интеллектуальная ответственность |
_1 |
| a |
Фамилия |
Сорокин |
| b |
Имя |
М. |
| 4 |
Код отношения |
Композитор |
| g |
Полное личное имя |
Максим |
| 4 |
Код отношения |
230 |
| 801 |
Источник записи |
_0 |
| a |
Страна |
ru |
| b |
Организация |
Муниципальное бюджетное учреждение культуры "Централизованная библиотечная система" г. Сургут (Центральная городская библиотека им. А. С. Пушкина) |
| c |
Дата составления |
20160329 |
| g |
Правила каталогизации |
КиК/Коробейникова |
| 801 |
Источник записи |
_1 |
| a |
Страна |
ru |
| b |
Организация |
Муниципальное бюджетное учреждение культуры "Централизованная библиотечная система" г. Сургут (Центральная городская библиотека им. А. С. Пушкина) |
| c |
Дата составления |
20160329 |
| g |
Правила каталогизации |
КиК/Коробейникова |
| 852 |
Данные о местонахождении |
__ |
| j |
Шифр хранения |
84(7Сое)6-445я04 |
| i |
Авторский знак |
Б 87 |
| 901 |
Тип документа |
__ |
| t |
Тип документа |
0 |
| 903 |
Характеристики (МАРС) |
__ |
| a |
Дата передачи |
20160329 |
| 969 |
Тип издания |
__ |
| a |
Тип издания |
аудиокнига |
| 990 |
Данные о заказе (DOS) |
__ |
| j |
Количество экземпляров (DOS) |
6 |
| t |
N записи в КСУ для И/У (DOS) |
201604 |